000 01004cam a2200325 i 4500
001 0000492
003 DO-SdBNP
005 20241011130933.0
007 0000492
008 100514s1986 sp || 000 f spa
015 _a
017 _a
_b
020 _a8476347588
035 _a
040 _aBPMSU
_bspa
_cBPMSU
_e
080 _a
082 4 _a843.8
_bV531J 1986
_222
100 1 _aVerne, Julio,
_d1828-1905
245 1 0 _aJulio Venes :
_b Los hijos del capitán Grant en Australia /
_cJulio Verne ; traducción D. A. Ribot y Fontseré
_h
260 _aBarcelona:
_bEdiciones Orbis,
_c1986.
300 _a255 p.:
_bil.
_c20 cm
490 0 _aJulio Verne,
_v10
534 _pTítulo original :
_tLes enfants du capitaine Grant, á l´Australie
590 _aInventariado, 2024/VM
650 4 _aNovela juvenil francesa
650 4 _aLiteratura juvenil francesa
700 1 _aRibot y Fontseré, D. A.
_etraductor
910 _aVMateo V./ Validado. Control de calidad MFF
942 _2ddc
_cBK
999 _c10725
_d10725